000
00326nam a2200145Ia 4500
100
_a
Shammi Sukh
650
_a
Philosophy
942
_c
BK
654
_a
boost
245
_a
How to Boost your self confidence
260
_b
Better Yourself Books
_a
Bandra
_c
2001
082
_a
170/SHA
_b
SHA
300
_a
86
546
_a
ENGLISH
999
_c
26782
_d
26782